ਗੋਰਖ ਦਾ ਟਿੱਲਾ : (Record no. 109734)
[ view plain ]
| 000 -LEADER | |
|---|---|
| fixed length control field | 00977nam a22002537a 4500 |
| 005 - DATE AND TIME OF LATEST TRANSACTION | |
| control field | 20170123164142.0 |
| 010 ## - LIBRARY OF CONGRESS CONTROL NUMBER | |
| LC control number | B-231508 |
| 020 ## - INTERNATIONAL STANDARD BOOK NUMBER | |
| Terms of availability | 120.00 |
| 035 ## - SYSTEM CONTROL NUMBER | |
| System control number | B-231508 |
| 037 ## - SOURCE OF ACQUISITION | |
| Source of stock number/acquisition | Cen Lib / Ret |
| 040 ## - CATALOGING SOURCE | |
| Original cataloging agency | DPL |
| Language of cataloging | PN |
| 082 ## - DEWEY DECIMAL CLASSIFICATION NUMBER | |
| Classification number | ਉ |
| Item number | ਸ਼ਿਵਚ |
| 100 ## - MAIN ENTRY--PERSONAL NAME | |
| Personal name | ਸ਼ਿਵਚਰਨ ਜੱਗੀ ਕੁੱਸਾ |
| 9 (RLIN) | 5593 |
| 245 ## - TITLE STATEMENT | |
| Title | ਗੋਰਖ ਦਾ ਟਿੱਲਾ : |
| Statement of responsibility, etc | ਸ਼ਿਵਚਰਨ ਜੱਗੀ ਕੁੱਸਾ |
| Remainder of title | ਨਾਵਲ / |
| 246 ## - VARYING FORM OF TITLE | |
| Title proper/short title | Gorakh da tilla : Novel |
| Remainder of title | by Shivcharan Jaggi Kussa |
| 260 ## - PUBLICATION, DISTRIBUTION, ETC. (IMPRINT) | |
| Place of publication, distribution, etc | ਲੁਧਿਆਣਾ |
| Name of publisher, distributor, etc | ਲਾਹੈਰ ਬੂਕ ਸ਼ਾਪ |
| Date of publication, distribution, etc | 2005 |
| 270 ## - ADDRESS | |
| Address | ੨ ਲਾਜਪਤ ਰਾਏਂ ਮਾਰਕਿਤ |
| City | ਲੁਧਿਆਣਾ |
| 300 ## - PHYSICAL DESCRIPTION | |
| Extent | 160p. |
| Dimensions | 21cm(Hb) |
| 650 ## - SUBJECT ADDED ENTRY--TOPICAL TERM | |
| Topical term or geographic name as entry element | ਪੰਜਾਬੀ ਸਾਹਿਤ |
| 9 (RLIN) | 116212 |
| 650 ## - SUBJECT ADDED ENTRY--TOPICAL TERM | |
| Topical term or geographic name as entry element | ਪੰਜਾਬੀ ਨਾਵਲ |
| 9 (RLIN) | 116213 |
| 650 ## - SUBJECT ADDED ENTRY--TOPICAL TERM | |
| Topical term or geographic name as entry element | Punjabi Literature |
| 9 (RLIN) | 781 |
| 650 ## - SUBJECT ADDED ENTRY--TOPICAL TERM | |
| Topical term or geographic name as entry element | Punjabi Novel |
| 9 (RLIN) | 6285 |
| 942 ## - ADDED ENTRY ELEMENTS (KOHA) | |
| Source of classification or shelving scheme | Dewey Decimal Classification |
| Koha item type | Punjabi Bks |
| Classification part | ਉ |
| Call number suffix | ਸ਼ਿਵਚ |
| Withdrawn status | Lost status | Damaged status | Not for loan | Home library | Current library | Date acquired | Source of acquisition | Cost, normal purchase price | Total Checkouts | Full call number | Barcode | Date last seen | Date checked out | Copy number | Cost, replacement price | Price effective from | Koha item type |
|---|---|---|---|---|---|---|---|---|---|---|---|---|---|---|---|---|---|
| Central Library | Central Library | 31/12/2015 | Cen Lib/Ret | 120.00 | 2 | ਉ ਸ਼ਿਵਚ | B-231508 | 01/07/2018 | 19/06/2018 | 1 | 120.00 | 31/12/2015 | Punjabi Bks |
